The city of God against the pagans /
| Autor Principal: | |
|---|---|
| Outros autores: | |
| Formato: | Libro |
| Idioma: | English Latin |
| Publicado: |
Cambridge ; New York :
Cambridge University Press,
1998 [reprinted 2015]
|
| Series: | Cambridge texts in the history of political thought
|
| Subjects: | |
| Acceso en liña: | Publisher description Table of contents |
| Classic Catalogue: | View this record in Classic Catalogue |
| LEADER | 01494nam a2200361 a 4500 | ||
|---|---|---|---|
| 001 | 30301 | ||
| 003 | BD-DhAAL | ||
| 005 | 20151207105313.0 | ||
| 008 | 151207r20151998enk b 001 0 eng | ||
| 010 | |a 97038751 | ||
| 020 | |a 9780521468435 paperback | ||
| 020 | |a 0521464757 (hardbound) | ||
| 020 | |a 0521468434 (pbk.) | ||
| 040 | |a DLC |c DLC |d DLC |d BD-DhAAL | ||
| 041 | 1 | |a eng |h lat | |
| 050 | 0 | 0 | |a BR65.A64 |b E5 1998 |
| 082 | 0 | 0 | |a 239.3 |2 21 |
| 100 | 0 | |a Augustine, |c Saint, Bishop of Hippo. |9 16657 | |
| 240 | 1 | 0 | |a De civitate Dei. |l English |
| 245 | 1 | 4 | |a The city of God against the pagans / |c Augustine ; edited and translated by R.W. Dyson. |
| 260 | |a Cambridge ; |a New York : |b Cambridge University Press, |c 1998 [reprinted 2015] | ||
| 300 | |a xxxiii, 1243 p. ; |c 22 cm. | ||
| 490 | 0 | |a Cambridge texts in the history of political thought | |
| 504 | |a Includes bibliographical references (p. xxxi-xxxiii) and index. | ||
| 541 | |e 30301 | ||
| 650 | 0 | |a Kingdom of God |v Early works to 1800. |9 2706 | |
| 650 | 0 | |a Apologetics |v Early works to 1800. |9 16658 | |
| 700 | 1 | |a Dyson, R. W. |9 2672 | |
| 856 | 4 | 2 | |3 Publisher description |u http://www.loc.gov/catdir/description/cam028/97038751.html |
| 856 | 4 | 1 | |3 Table of contents |u http://www.loc.gov/catdir/toc/cam022/97038751.html |
| 942 | |2 ddc |c BK | ||
| 999 | |c 36353 |d 36353 | ||
| 952 | |0 0 |1 0 |2 ddc |4 0 |6 239_300000000000000_AUG |7 0 |9 57171 |a BRACUL |b BRACUL |c GEN |d 2015-12-07 |e Karim International |g 2177.00 |l 0 |o 239.3 AUG |p 3010030301 |r 2015-12-07 |t 1 |w 2015-12-07 |y BK | ||